| 000 | 00825pam a2200289 i 4500 | ||
|---|---|---|---|
| 001 | 11115 | ||
| 003 | BD-RjUL | ||
| 005 | 20211208235055.0 | ||
| 008 | 760817s1976 nyua b 001 0 eng d | ||
| 020 | _a0387813829 | ||
| 020 | _a3211813829 | ||
| 035 | _a(BD-RjUL)11164 | ||
| 040 |
_aDLC _cDLC _dDLC _d(BD-RjUL) _beng |
||
| 041 | _aeng | ||
| 082 | 0 | 0 |
_a666 _bBRS 1976 |
| 100 | 1 |
_aBrownell, Wayne E. _934371 |
|
| 245 | 1 | 0 |
_aStructural clay products / _c by W. E. Brownell. |
| 260 |
_aWien ; _aNew York : _bSpringer-Verlag, _c1976. |
||
| 300 |
_aix, 231 p. : _bill. ; _c26 cm. |
||
| 490 | 0 | _aApplied mineralogy ; v. 9 | |
| 504 | _aIncludes bibliographical references and index. | ||
| 650 | 0 |
_aCeramics. _928816 |
|
| 650 | 0 |
_aCeramic materials. _934372 |
|
| 942 |
_2ddc _cBK |
||
| 999 |
_c11115 _d11115 |
||